Normal view
MARC view
- Water Environment Federation.
Entry Corporate Name
001 - CONTROL NUMBER
- control field: 5864
003 - CONTROL NUMBER IDENTIFIER
- control field: NUST
005 - DATE AND TIME OF LATEST TRANSACTION
- control field: 20171102123608.0
008 - FIXED-LENGTH DATA ELEMENTS
- fixed length control field: 171102|| aca||aabn | a|a d
040 ## - CATALOGING SOURCE
- Original cataloging agency: NUST
- Transcribing agency: NUST
110 ## - HEADING--CORPORATE NAME
- Corporate name or jurisdiction name as entry element: Water Environment Federation.
- Subordinate unit: Biological Nutrient Removal (BNR) Operation in Wastewater Treatment Plants Task Force.
670 ## - SOURCE DATA FOUND
- Source citation: Work cat.: (NUST)0: Biological nutrient removal (BNR) operation in wastewater treatment plants /, c2006.
